Die größten Städte in Europa - Statistiken

Allgemein
  • Dieses Quiz wurde 137 mal gespielt
  • Das Durchschnittsergebnis liegt bei 10 aus 10
Antwortstatistiken
Land Stadt % Korrekt
Griechenland Athen
100%
Deutschland Berlin
100%
Großbrittanien London
100%
Spanien Madrid
100%
Russland Moskau
100%
Frankreich Paris
100%
Italien Rom
100%
Spanien Barcelona
96%
Italien Mailand
95%
Russland Sankt Petersburg
95%
Keine übereinstimmenden Quizze gefunden
Verteilung der Resultate
Anzahl Personen mit jedem Resultat
Perzentil nach korrekt beantworteten Fragen
Ihre Resultats-Entwicklung
Sie haben dieses Quiz noch nicht gespielt